[Event "Charlesbourg Festival"]
[Site "Charlesbourg"]
[Date "2013.06.10"]
[Round "2"]
[White "Rouleau, Claude"]
[Black "Dube, Daniel"]
[Result "1-0"]
[WhiteElo "1729"]
[BlackElo "1887"]
[PlyCount "131"]
[EventDate "2013.06.03"]
[EventType "swiss"]
[EventRounds "5"]
[EventCountry "CAN"]
[SourceTitle "EXT 2022"]
[Source "ChessBase"]
[SourceDate "2021.10.06"]
[SourceVersion "1"]
[SourceVersionDate "2021.10.06"]
[SourceQuality "1"]

1. e4 b6 2. d4 Bb7 3. Nc3 e6 4. Bc4 Nf6 5. f3 d5 6. exd5 exd5 7. Bd3 Be7 8. Nge2 a6 9. 0-0 0-0 10. b3 c5 11. Ba3 cxd4 12. Bxe7 Qxe7 13. Nxd4 Qb4 14. Nce2 Nc6 15. Kh1 Nxd4 16. Nxd4 Kh8 17. Ne2 d4 18. a3 Qd6 19. Qd2 Rad8 20. Ng3 Nd5 21. Ne4 Qf4 22. Qxf4 Nxf4 23. Rac1 Nd5 24. Kg1 h6 25. Rfe1 Rfe8 26. Ng3 Ne3 27. Nf5 Re5 28. Nxe3 dxe3 29. f4 Re7 30. Re2 g5 31. f5 g4 32. Rce1 Rde8 33. Rf1 b5 34. Rf4 h5 35. Rd4 f6 36. Rd6 Kg7 37. c4 Re5 38. Rd7+ R8e7 39. Rxe7+ Rxe7 40. cxb5 axb5 41. Bxb5 Bd5 42. Rb2 Rc7 43. Kf1 Rc3 44. Ke2 Bxg2 45. Bd3 Bf3+ 46. Kxe3 Bd5 47. b4 Rxa3 48. Kd4 Kh6 49. Be4 Bxe4 50. Kxe4 Ra4 51. Kf4 Ra3 52. b5 Rf3+ 53. Ke4 Kg5 54. b6 Rxf5 55. b7 Re5+ 56. Kd4 Re8 57. b8Q Rxb8 58. Rxb8 h4 59. Ke4 f5+ 60. Ke5 g3 61. Rg8+ Kh5 62. Kxf5 Kh6 63. h3 Kh7 64. Rg6 Kh8 65. Kf6 Kh7 66. Kf7 1-0